LEADER 01650nam0 22003373i 450 001 SBL0222468 005 20231121125817.0 100 $a20150112e19731816||||0itac50 ba 101 | $ager 102 $abe 181 1$6z01$ai $bxxxe 182 1$6z01$an 200 1 $aEinleitung zu einer Architektonik der Wissenschaften$enebst einer Skiagraphie und allgemeinen Tafel des ... [etc.]$fZunachst zum Gebrauche fur seine encyklopadischen Vorlesungen von Gottlob Benj. Jasche 205 $aImpr. anast 210 $aBruxelles$cCulture et civilisation$d1973 215 $a32 p.$d19 cm 225 | $aAetas kantiana$v119 300 $aRipr. facs. dell'ed.: Dorpat : gedruckt bei J.C. Schunmann, 1816. 410 0$1001SBL0194895$12001 $aAetas kantiana$v119 606 $aKant, Immanuel$xPensiero filosofico$xSaggi$2FIR$3RMLC300283$9I 676 $a193$9Filosofia occidentale moderna. Germania e Austria.$v22 700 1$aJäsche$b, Gottlob Benjamin$3SBLV128610$4070$0220473 801 3$aIT$bIT-01$c20150112 850 $aIT-FR0017 856 $uhttp://books.google.it/books?id=oXhBAAAAcAAJ&printsec=frontcover&hl=it&source=gbs_ge_summary_r&cad=0#v=onepage&q&f=false 899 1$aBiblioteca umanistica Giorgio Aprea$bFR0017 $eS$uhttp://books.google.it/books?id=oXhBAAAAcAAJ&printsec=frontcover&hl=it&source=gbs_ge_summary_r&cad=0#v=onepage&q&f=false 912 $aSBL0222468 950 0$aBiblioteca umanistica Giorgio Aprea$d 52AK 119$e 52BUN0000162885 VMN RS $fA $h20150112$i20150112 977 $a 52 996 $aEinleitung zu einer Architektonik der Wissenschaften$91702221 997 $aUNICAS LEADER 01076nam0 22003013i 450 001 NAP0502329 005 20251003044254.0 010 $a0132795558 100 $a20110119d1989 ||||0itac50 ba 101 | $aeng 102 $aus 181 1$6z01$ai $bxxxe 182 1$6z01$an 200 1 $aEngineering thermodynamics$fGlen E. Myers 210 $aEnglewood Cliffs (N.J.)$cPrentice Hall$d1989 215 $aXIX, 875 p.$cill.$d26 cm 606 $aTermodinamica applicata$2FIR$3CFIC044051$9E 676 $a621.402$9INGEGNERIA TERMICA$v14 676 $a621.4021$9INGEGNERIA TERMICA. TERMODINAMICA$v22 700 1$aMyers$b, Glen E.$f <1934- >$3UFIV113716$4070$020779 801 3$aIT$bIT-000000$c20110119 850 $aIT-BN0095 901 $bNAP 01$cSALA DING $n$ 912 $aNAP0502329 950 0$aBiblioteca Centralizzata di Ateneo$b1 v.$c1 v.$d 01SALA DING 621.402 MYE.en$e 0102 0000013835 VMA A4 1 v.$fY $h19941011$i20110119 977 $a 01 996 $aEngineering thermodynamics$91501371 997 $aUNISANNIO